000 00817nam a22002417a 4500
003 UA-OsUOA
001 35019
007 ta
008 20051104b un ||||| |||| 00| 0 ukr d
100 _aМ.М. Маковский
090 _a291.13(308)
_bМ16
942 _cBK
040 _aUA-OsUOA
_brus
_cUA-OsUOA
_dUA-OsUOA
245 _aСравнительный словарь мифологической символики в индоевропейских языках
_bобраз мира и миры образов
300 _a416 с.
955 _a2
041 _arus
080 _a291.13(308)
020 _a5870651018
260 _aМ.
_bГуманитарный издателский центр ВЛАДОС
_c1996
650 7 _a29 Нехристиянські релігії
_2UDC
999 _c321419
_d321419